The Dynamics of Family Policy/ (Record no. 213326)

MARC details
000 -LEADER
fixed length control field 00588nam a22001817a 4500
005 - DATE AND TIME OF LATEST TRANSACTION
control field 20250918110855.0
010 ## - LCCN (DPL NO)
LC control number ENG-146630
020 ## - INTERNATIONAL STANDARD BOOK NUMBER
International Standard Book Number 9788193055649
Terms of availability 995.00
035 ## - SYSTEM CONTROL NUMBER
System control number EN-130162
037 ## - SOURCE OF ACQUISITION
Source of stock number/acquisition DBAD
082 ## - DEWEY DECIMAL CLASSIFICATION NUMBER
Classification number 304.6
100 ## - MAIN ENTRY--PERSONAL NAME
Personal name kamal,k,singh
245 ## - TITLE STATEMENT
Title The Dynamics of Family Policy/
Statement of responsibility, etc Kamal K. Singh
260 ## - PUBLICATION, DISTRIBUTION, ETC. (IMPRINT)
Place of publication, distribution, etc Palam Road, New Delhi
Name of publisher, distributor, etc Deepansh Publication
Date of publication, distribution, etc 2025
270 ## - ADDRESS
Address R.Z. B-57, Vijay Enclave, Dabri, Palam Road
City New Delhi
Postal code 110045
Electronic mail address deepanshpublication@gmail.com
300 ## - PHYSICAL DESCRIPTION
Extent 240p.
Dimensions 22cm(hb)
942 ## - ADDED ENTRY ELEMENTS (KOHA)
Source of classification or shelving scheme Dewey Decimal Classification
Item type English Books
Classification part 304.6
Call number suffix kam
Holdings
Withdrawn status Lost status Not for loan Collection code Home library Current library Date acquired Source of acquisition Cost, normal purchase price Full call number Barcode Copy number Cost, replacement price Koha item type
    Not For Loan Non-fiction Central Library Mobile Library 04/09/2025 DBAD 995.00 304.6 kam EN-130162 1 995.00 English Books

© Delhi Public Library
Hit Counter
free hit counter